Central Library OPAC University of Rajshahi

Zainul Abedin / (Record no. 16832)

MARC details
000 -LEADER
fixed length control field 00898cam a2200265 i 4500
001 - CONTROL NUMBER
control field 16832
003 - CONTROL NUMBER IDENTIFIER
rucl marc code BD-RjUL
005 - DATE AND TIME OF LATEST TRANSACTION
control field 20211209000045.0
008 - FIXED-LENGTH DATA ELEMENTS--GENERAL INFORMATION
fixed length control field 140215s1977 pk a 000 0 eng
035 ## - SYSTEM CONTROL NUMBER
System control number (BD-RjUL)16887
040 ## - CATALOGING SOURCE
Original cataloging agency DLC
Transcribing agency DLC
Modifying agency BD-RjUL
Language of cataloging eng
041 ## - LANGUAGE CODE
Language code of text/sound track or separate title eng
082 00 - DEWEY DECIMAL CLASSIFICATION NUMBER
Classification number 759.95492
Author mark and year ABZ 1977
100 1# - MAIN ENTRY--PERSONAL NAME
Personal name Abedin, Zainul,
Dates associated with a name 1914-1976.
9 (RLIN) 51966
245 10 - TITLE STATEMENT
Title Zainul Abedin /
Statement of responsibility, etc. editing, Muhammad Sirajul Islam ; introd., Nazrul Islam ; photography, Noazesh Ahmed, Zillur Rahman.
260 ## - PUBLICATION, DISTRIBUTION, ETC. (IMPRINT)
Place of publication, distribution, etc. Dacca :
Name of publisher, distributor, etc. Bangladesh Shilpakala Academy,
Date of publication, distribution, etc. 1977.
300 ## - PHYSICAL DESCRIPTION
Pagination 44 p. :
Illustrations chiefly ill. ;
Size 27 cm.
600 10 - SUBJECT ADDED ENTRY--PERSONAL NAME
Personal name Abedin, Zainul,
Dates associated with a name 1914-1976.
700 1# - ADDED ENTRY--PERSONAL NAME
Personal name Islam, Muhammad Sirajul.
Personal name Ahmed, Noazesh.
Personal name Rahman, Zillur,
Dates associated with a name 1938-
942 ## - ADDED ENTRY ELEMENTS (KOHA)
Source of classification or shelving scheme Dewey Decimal Classification
Koha item type Books
Holdings
Lost status Source of classification or shelving scheme Damaged status Not for loan Collection code Permanent Location Current Location Shelving location Date acquired Source of acquisition Cost, normal purchase price Total Checkouts Full call number Date last seen Copy number Koha item type
  Dewey Decimal Classification     Non-fiction Central Library, University of Rajshahi Central Library, University of Rajshahi   27/10/1984 Shilokala Academy 100.00   759.95492 ABZ 1977 15/02/2014 C-4 Books